| 000 | 00507nam a2200205Ia 4500 | ||
|---|---|---|---|
| 999 |
_c190 _d190 |
||
| 003 | 0100 | ||
| 008 | 130227s9999 xx 000 0 und d | ||
| 040 | _cARRUPELIB | ||
| 050 | _aDT791.S5 | ||
| 100 |
_aSillery, A. _939884 |
||
| 245 | 4 | _aThe Bechuanaland protectorate / | |
| 260 |
_aCape Town _bGeoffrey Cumberlege _c1952 |
||
| 300 | _axii | ||
| 300 | _b 236p 21cm | ||
| 650 |
_aBechuanaland _931701 |
||
| 942 |
_2lcc _cMONOGRAPH |
||